00305nam a2200121Ia 4500008004100000100001600041245004400057260003300101300000900134650001600143942000700159999001700166190216s9999||||xx |||||||||||||| ||und|| aBurkill J C 2aA First Course In Mathematical Analysis bVikas Publishing Housec1979 a185p aMathematics cBK c30798d30798